000 00346nam a2200121Ia 4500
008 240731s9999 xx 000 0 und d
022 _a1548-3843
245 0 _aSouls : A Critical Journal of Black Politics, Culture, and Society
260 _bTaylor & Francis
856 _uhttps://www.tandfonline.com/loi/usou20
942 _2ddc
942 _cTFEJ
999 _c79456
_d79456
945 _a1
_bMadushi Gamage
_c1
_dMadushi Gamage